Statistics for UK TV Pubs

Click here to take the quiz!

General Stats

  • This quiz has been taken 264 times
  • The average score is 6 of 14

Answer Stats

PubTV Show% Correct
The Rover's ReturnCoronation Street
96%
The Queen VictoriaEastenders
89%
The WoolpackEmmerdale
87%
The Nag's HeadOnly Fools and Horses
74%
Café Rene'Allo 'Allo
62%
The Aidensfield ArmsHeartbeat
47%
The Winchester ClubMinder
44%
The Dog in the PondHollyoaks
42%
The GarrisonPeaky Blinders
18%
The JockeyShameless
15%
The GrapesEarly Doors
12%
The CrownMen Behaving Badly
5%
The Royal OakGoodnight Sweetheart
4%
The Seven SwansThe Reluctant Landlord
2%

Score Distribution

Percentile by Number Answered

Percent of People with Each Score

Your Score History

You have not taken this quiz